[Event "12. Torneo de Promoción Almansa 2017 -B"]
[Site "Almansa ESP"]
[Date "2017.08.03"]
[Round "5.4"]
[White "Losa Ordonez, Juan Jose"]
[Black "Rodriguez Bittar, Karim Javier"]
[Result "1-0"]
[WhiteElo "1749"]
[BlackElo "1948"]
[PlyCount "115"]
[EventDate "2017.08.01"]
[EventType "swiss"]
[EventRounds "9"]
[EventCountry "ESP"]
[SourceTitle "Ajedrez en Madrid"]
[Source "lmi"]
[SourceDate "2017.08.01"]
[SourceVersion "1"]
[SourceVersionDate "2017.08.11"]
[SourceQuality "1"]

1. e4 e5 2. Nf3 Nc6 3. Bb5 a6 4. Ba4 Nf6 5. O-O Be7 6. Re1 b5 7. Bb3 d6 8. h3
Na5 9. c3 Nxb3 10. axb3 Bb7 11. d3 O-O 12. Nbd2 g6 13. Nf1 Nh5 14. d4 Bf6 15.
N1h2 exd4 16. cxd4 c5 17. Ng4 Be7 18. Bd2 Bc8 19. b4 Bxg4 20. hxg4 Nf6 21. g5
Nd7 22. bxc5 dxc5 23. d5 Nb6 24. Ba5 Qb8 25. e5 Nc4 26. d6 Bd8 27. Bc3 b4 28.
b3 bxc3 29. bxc4 a5 30. Qd5 Ra6 31. Qxc5 Qb2 32. Qb5 Rb6 33. Qd7 Rb7 34. Qa4
Rb4 35. Qc6 c2 36. Qe4 Qc3 37. Rac1 Rxc4 38. Qe3 Qxe3 39. Rxe3 Bb6 40. Rb3 Bc5
41. Rb2 Ba3 42. Rbxc2 Rxc2 43. Rxc2 Rd8 44. Nd4 Kf8 45. Nc6 Ra8 46. Ra2 Ra6 47.
d7 Be7 48. d8=Q+ Bxd8 49. Nxd8 a4 50. Ra3 Ke7 51. Nb7 Rb6 52. Nc5 Rb5 53. Nd3
Rb3 54. Rxb3 axb3 55. Kf1 Kd7 56. Ke2 Kc6 57. Kd2 Kb5 58. Kc3 1-0

[Event "12. Torneo de Promoción Almansa 2017 -B"]
[Site "Almansa ESP"]
[Date "2017.08.03"]
[Round "5.5"]
[White "Moya Albaladejo, Jose Antonio"]
[Black "Leone, Clarissa"]
[Result "1-0"]
[WhiteElo "1925"]
[BlackElo "1669"]
[PlyCount "69"]
[EventDate "2017.08.01"]
[EventType "swiss"]
[EventRounds "9"]
[EventCountry "ESP"]
[SourceTitle "Ajedrez en Madrid"]
[Source "lmi"]
[SourceDate "2017.08.01"]
[SourceVersion "1"]
[SourceVersionDate "2017.08.11"]
[SourceQuality "1"]

1. e4 d5 2. exd5 Nf6 3. Bb5+ Bd7 4. Be2 c6 5. dxc6 Nxc6 6. d4 e6 7. Nf3 Qc7 8.
O-O O-O-O 9. Nc3 Nd5 10. Nb5 Qb8 11. g3 a6 12. c4 axb5 13. cxd5 exd5 14. Ne5
Nxe5 15. dxe5 Bc6 16. Bg5 Qxe5 17. Bxd8 Kxd8 18. Bf3 Bd6 19. Re1 Qg5 20. Qd4
Kc7 21. Rec1 Kb8 22. Rxc6 bxc6 23. Qb6+ Kc8 24. Qxc6+ Bc7 25. Re1 Qd8 26. Bxd5
h5 27. Bf3 Rh6 28. Qb7+ Kd7 29. Rd1+ Rd6 30. Qxb5+ Ke7 31. Re1+ Kf8 32. Qxh5
Kg8 33. Qb5 Kh7 34. Re8 Rd1+ 35. Kg2 1-0

[Event "12. Torneo de Promoción Almansa 2017 -B"]
[Site "Almansa ESP"]
[Date "2017.08.03"]
[Round "5.6"]
[White "Perez Garcia, Francisco Jose"]
[Black "Amoros Moran, Jose Joaquin"]
[Result "0-1"]
[WhiteElo "1781"]
[BlackElo "1900"]
[PlyCount "80"]
[EventDate "2017.08.01"]
[EventType "swiss"]
[EventRounds "9"]
[EventCountry "ESP"]
[SourceTitle "Ajedrez en Madrid"]
[Source "lmi"]
[SourceDate "2017.08.01"]
[SourceVersion "1"]
[SourceVersionDate "2017.08.11"]
[SourceQuality "1"]

1. c4 b6 2. d4 e6 3. e4 Bb7 4. Nc3 Bb4 5. Qc2 Nf6 6. Bd3 h6 7. Nge2 O-O 8. O-O
c5 9. e5 Ne8 10. d5 Bxc3 11. Nxc3 d6 12. Bf4 dxe5 13. Bxe5 Nd7 14. Bg3 exd5 15.
cxd5 Ndf6 16. Rad1 Nd6 17. Bxd6 Qxd6 18. Nb5 Qd7 19. Nc3 Rad8 20. Bf5 Qd6 21.
Rfe1 Rfe8 22. Rxe8+ Rxe8 23. Qd3 a6 24. Ne4 Qxd5 25. Nxf6+ gxf6 26. Qxd5 Bxd5
27. a3 Bb3 28. Rc1 Re2 29. g3 Rxb2 30. Re1 Bd5 31. Rd1 Bf3 32. Rd8+ Kg7 33. h3
Ra2 34. g4 Rxa3 35. Rb8 b5 36. Bc8 c4 37. Rb6 c3 38. Bf5 Ra1+ 39. Kh2 Bd1 40.
Rc6 c2 0-1

[Event "12. Torneo de Promoción Almansa 2017 -B"]
[Site "Almansa ESP"]
[Date "2017.08.03"]
[Round "5.7"]
[White "Martinez Hernandez, Paula"]
[Black "Cabrera Valverde, Jose David"]
[Result "1-0"]
[WhiteElo "1805"]
[BlackElo "1704"]
[PlyCount "76"]
[EventDate "2017.08.01"]
[EventType "swiss"]
[EventRounds "9"]
[EventCountry "ESP"]
[SourceTitle "Ajedrez en Madrid"]
[Source "lmi"]
[SourceDate "2017.08.01"]
[SourceVersion "1"]
[SourceVersionDate "2017.08.11"]
[SourceQuality "1"]

1. e4 c5 2. Nc3 d6 3. g3 Nf6 4. Bg2 g6 5. Nge2 Nc6 6. d3 Bg7 7. O-O O-O 8. h3
Bd7 9. Be3 h6 10. Qd2 Kh7 11. f4 Qc7 12. g4 Ng8 13. f5 Rae8 14. Rf2 Nd4 15. Nd5
Nxe2+ 16. Qxe2 Qd8 17. c3 e6 18. Nf4 exf5 19. gxf5 gxf5 20. exf5 Bxf5 21. Nh5
Bg6 22. Nxg7 Kxg7 23. Bxb7 Qe7 24. Bc6 Rc8 25. Bd5 Rfe8 26. Re1 Qh4 27. Qf3 Re7
28. Ref1 Qh5 29. Qxh5 Bxh5 30. Bf4 Rd8 31. Bg3 Re2 32. Rxe2 Bxe2 33. Rxf7+ Kg6
34. Rxa7 Bxd3 35. Bh4 Rf8 36. Rd7 Kh5 37. Bd8 Rf1+ 38. Kg2 Nf6 1-0

[Event "12. Torneo de Promoción Almansa 2017 -B"]
[Site "Almansa ESP"]
[Date "2017.08.03"]
[Round "5.8"]
[White "Sanchez Serrano, Emilio"]
[Black "Carrasco Rubio, David"]
[Result "1-0"]
[WhiteElo "1928"]
[BlackElo "1696"]
[PlyCount "69"]
[EventDate "2017.08.01"]
[EventType "swiss"]
[EventRounds "9"]
[EventCountry "ESP"]
[SourceTitle "Ajedrez en Madrid"]
[Source "lmi"]
[SourceDate "2017.08.01"]
[SourceVersion "1"]
[SourceVersionDate "2017.08.11"]
[SourceQuality "1"]

1. d4 d5 2. c4 Nc6 3. Nf3 Nf6 4. cxd5 Qxd5 5. Nc3 Qa5 6. Bd2 Bg4 7. e3 e5 8.
Bc4 Bxf3 9. gxf3 Bb4 10. a3 Bxc3 11. Bxc3 Qb6 12. dxe5 Nd7 13. Bxf7+ Kxf7 14.
Qxd7+ Ne7 15. Rg1 Rhg8 16. O-O-O Qe6 17. Rg4 Qxd7 18. Rxd7 Rac8 19. Rc4 Ke6 20.
Rdxc7 Rxc7 21. Rxc7 Nd5 22. Rxb7 Nxc3 23. bxc3 Kxe5 24. Rxa7 Rf8 25. f4+ Ke4
26. Rxg7 Kd3 27. Rc7 Rg8 28. f5 Rg2 29. f6 Rxf2 30. f7 Kxe3 31. a4 Kd3 32. a5
Rc2+ 33. Kb1 Rxc3 34. Rxc3+ Kxc3 35. f8=Q 1-0

[Event "12. Torneo de Promoción Almansa 2017 -B"]
[Site "Almansa ESP"]
[Date "2017.08.03"]
[Round "5.9"]
[White "Jimenez Manuel, Juan Jose"]
[Black "Perales Paton, Miguel"]
[Result "1-0"]
[WhiteElo "1674"]
[BlackElo "1850"]
[PlyCount "97"]
[EventDate "2017.08.01"]
[EventType "swiss"]
[EventRounds "9"]
[EventCountry "ESP"]
[SourceTitle "Ajedrez en Madrid"]
[Source "lmi"]
[SourceDate "2017.08.01"]
[SourceVersion "1"]
[SourceVersionDate "2017.08.11"]
[SourceQuality "1"]

1. d4 d5 2. Bf4 Nf6 3. e3 c5 4. c3 Qb6 5. Qb3 c4 6. Qc2 Nc6 7. Nd2 g6 8. e4
Nxe4 9. Nxe4 dxe4 10. Bxc4 Bf5 11. Be3 Qc7 12. Bb3 Bg7 13. Ne2 O-O 14. O-O Rac8
15. Rac1 a5 16. a3 Qd7 17. Qd2 Rfd8 18. Rfd1 Bg4 19. h3 Bxe2 20. Qxe2 Qf5 21.
Bc2 Qe6 22. Bf4 Qf5 23. Qxe4 Qb5 24. Rb1 e6 25. Bd3 Qb3 26. Qe2 Qa2 27. Be3 Ne7
28. Bg5 Rd7 29. Bb5 Nc6 30. Rbc1 Qd5 31. Be3 Rdc7 32. c4 Qe4 33. f3 Qh4 34. Bf2
Bxd4 35. Rxd4 Nxd4 36. Qd2 Nxf3+ 37. gxf3 Qxh3 38. Qf4 Re7 39. Qf6 Rec7 40. Bd4
Kf8 41. Qh8+ Ke7 42. Bf6+ Kd6 43. Rd1+ Kc5 44. Bd4+ Kd6 45. Be5+ Kc5 46. Bd4+
Kd6 47. Qe5+ Ke7 48. Bc5+ Rxc5 49. Rd7+ 1-0

[Event "12. Torneo de Promoción Almansa 2017 -B"]
[Site "Almansa ESP"]
[Date "2017.08.03"]
[Round "5.12"]
[White "Munoz Candela, Pedro"]
[Black "Gazquez Corral, Alba"]
[Result "0-1"]
[WhiteElo "1617"]
[BlackElo "1760"]
[PlyCount "71"]
[EventDate "2017.08.01"]
[EventType "swiss"]
[EventRounds "9"]
[EventCountry "ESP"]
[SourceTitle "Ajedrez en Madrid"]
[Source "lmi"]
[SourceDate "2017.08.01"]
[SourceVersion "1"]
[SourceVersionDate "2017.08.11"]
[SourceQuality "1"]

1. e4 e6 2. d4 d5 3. Nd2 Nf6 4. e5 Nfd7 5. Bd3 c5 6. c3 Nc6 7. Ngf3 Qb6 8. a4
cxd4 9. Bb5 dxc3 10. bxc3 Qc7 11. Qe2 a6 12. Bxc6 bxc6 13. O-O Rb8 14. Re1 Be7
15. Nf1 Nc5 16. Ng3 Rb3 17. Qc2 Rb8 18. Nd4 Nd7 19. f4 c5 20. Nf3 O-O 21. f5
exf5 22. Nxf5 Nb6 23. Nxe7+ Qxe7 24. Ng5 f5 25. Bf4 Be6 26. Qf2 Nd7 27. Nxe6
Qxe6 28. Qh4 h6 29. Qg3 Rb3 30. Rab1 Rxb1 31. Rxb1 Rb8 32. Re1 Re8 33. h4 c4
34. Rb1 Nc5 35. Be3 Ne4 36. Qf2 0-1

[Event "12. Torneo de Promoción Almansa 2017 -B"]
[Site "Almansa ESP"]
[Date "2017.08.04"]
[Round "6.1"]
[White "Perez Garcia, Jose Miguel"]
[Black "Jarque Megias, Juan Jose"]
[Result "1/2-1/2"]
[WhiteElo "1956"]
[BlackElo "1937"]
[PlyCount "68"]
[EventDate "2017.08.01"]
[EventType "swiss"]
[EventRounds "9"]
[EventCountry "ESP"]
[SourceTitle "Ajedrez en Madrid"]
[Source "lmi"]
[SourceDate "2017.08.01"]
[SourceVersion "1"]
[SourceVersionDate "2017.08.11"]
[SourceQuality "1"]

1. Nf3 Nf6 2. g3 d5 3. d4 e6 4. Bg2 b5 5. O-O Bb7 6. b3 Nbd7 7. c4 bxc4 8. bxc4
c5 9. Nbd2 Be7 10. Rb1 Bc6 11. dxc5 Bxc5 12. cxd5 Bxd5 13. Nb3 O-O 14. Nxc5
Nxc5 15. Ba3 Rc8 16. Qd4 Bxf3 17. Qxd8 Rfxd8 18. Bxf3 Nce4 19. Rb7 Nd2 20. Ra1
Nxf3+ 21. exf3 Rd3 22. Rxa7 Rxf3 23. Bc5 h5 24. Ra3 Rf5 25. Bd4 Ne4 26. Kg2 Rc2
27. Rf3 Rd5 28. Bb6 Rb5 29. Bd4 Rd5 30. Bb6 Rb2 31. Be3 Ra5 32. Rc1 Nd6 33. Bc5
Nf5 34. a3 Ra2 1/2-1/2

[Event "12. Torneo de Promoción Almansa 2017 -B"]
[Site "Almansa ESP"]
[Date "2017.08.04"]
[Round "6.2"]
[White "Amoros Moran, Jose Joaquin"]
[Black "Losa Ordonez, Juan Jose"]
[Result "1-0"]
[WhiteElo "1900"]
[BlackElo "1749"]
[PlyCount "45"]
[EventDate "2017.08.01"]
[EventType "swiss"]
[EventRounds "9"]
[EventCountry "ESP"]
[SourceTitle "Ajedrez en Madrid"]
[Source "lmi"]
[SourceDate "2017.08.01"]
[SourceVersion "1"]
[SourceVersionDate "2017.08.11"]
[SourceQuality "1"]

1. e4 e6 2. d4 d5 3. Nd2 c5 4. exd5 exd5 5. Ngf3 Nc6 6. dxc5 Bxc5 7. Nb3 Bb6 8.
Be2 Nf6 9. Bg5 Be6 10. c3 O-O 11. Qd3 Qe7 12. O-O Bc7 13. h3 Rfe8 14. Rfe1 Bb6
15. Nbd4 Rac8 16. Bd1 g6 17. Ba4 Red8 18. Bxc6 bxc6 19. Ne5 Rd6 20. Ng4 Bxd4
21. Qxd4 c5 22. Nxf6+ Kh8 23. Qe5 1-0

[Event "12. Torneo de Promoción Almansa 2017 -B"]
[Site "Almansa ESP"]
[Date "2017.08.04"]
[Round "6.3"]
[White "Hernandez Torralba, Sergio"]
[Black "Martinez Hernandez, Paula"]
[Result "1-0"]
[WhiteElo "1870"]
[BlackElo "1805"]
[PlyCount "129"]
[EventDate "2017.08.01"]
[EventType "swiss"]
[EventRounds "9"]
[EventCountry "ESP"]
[SourceTitle "Ajedrez en Madrid"]
[Source "lmi"]
[SourceDate "2017.08.01"]
[SourceVersion "1"]
[SourceVersionDate "2017.08.11"]
[SourceQuality "1"]

1. Nf3 d5 2. g3 Nf6 3. Bg2 Bf5 4. d4 e6 5. O-O Bd6 6. b3 O-O 7. c4 c6 8. Nc3
Nbd7 9. Nh4 Ne4 10. Nxf5 Nxc3 11. Qc2 exf5 12. Qxc3 dxc4 13. bxc4 Nf6 14. Bb2
Re8 15. e3 Qe7 16. Rab1 Rad8 17. Qa5 g6 18. Ba1 a6 19. d5 cxd5 20. Bxf6 Qxf6
21. Bxd5 b5 22. Qxa6 Qg5 23. Qxb5 h5 24. c5 Be7 25. Qc4 Qf6 26. Rb6 Qg7 27. Rb7
Rb8 28. c6 Rxb7 29. cxb7 Qf8 30. Rb1 Bd6 31. a4 Bb8 32. a5 Rd8 33. a6 Ba7 34.
Rc1 Kg7 35. Qc3+ Kh7 36. Qb3 Qd6 37. Bf3 Kg7 38. Rd1 Qc7 39. Rxd8 Qxd8 40. Qc3+
Kh7 41. Qc6 Kg7 42. Bd5 Qe7 43. Qc8 Qd6 44. Bc6 Qb4 45. Bd5 Qd6 46. Qc6 Qe7 47.
Bc4 Kh7 48. Qc8 Qd6 49. Qe8 Qb6 50. Qxf7+ Kh6 51. h4 Qb1+ 52. Kh2 Bc5 53. Qg8
Qb2 54. Kg2 Bd6 55. Qd5 Bb8 56. Qd8 Be5 57. Qd5 Bb8 58. Qd8 Be5 59. Qc8 Qb6 60.
Qf8+ Bg7 61. Qf7 Be5 62. Qg8 Qb4 63. Qd5 Bb8 64. Qd4 Qe7 65. Qh8+ 1-0

[Event "12. Torneo de Promoción Almansa 2017 -B"]
[Site "Almansa ESP"]
[Date "2017.08.04"]
[Round "6.4"]
[White "Castillo Garcia, Adrian"]
[Black "Jimenez Manuel, Juan Jose"]
[Result "1-0"]
[WhiteElo "1967"]
[BlackElo "1674"]
[PlyCount "57"]
[EventDate "2017.08.01"]
[EventType "swiss"]
[EventRounds "9"]
[EventCountry "ESP"]
[SourceTitle "Ajedrez en Madrid"]
[Source "lmi"]
[SourceDate "2017.08.01"]
[SourceVersion "1"]
[SourceVersionDate "2017.08.11"]
[SourceQuality "1"]

1. e4 g6 2. c4 Bg7 3. Nc3 d6 4. g3 Nf6 5. Bg2 O-O 6. Nge2 a6 7. O-O Nc6 8. d4
Rb8 9. b3 Bd7 10. f4 e5 11. fxe5 dxe5 12. d5 Ne7 13. c5 h6 14. Kh1 Kh7 15. Ba3
Ng4 16. Qd3 f5 17. h3 Nf6 18. c6 fxe4 19. Qc4 Be8 20. d6 Nf5 21. dxc7 Qxc7 22.
Bxf8 Ne3 23. Qc5 Nxf1 24. Bxg7 Kxg7 25. Rxf1 Bxc6 26. Rxf6 Rc8 27. Qd6 Qxd6 28.
Rxd6 Rf8 29. Bxe4 1-0

[Event "12. Torneo de Promoción Almansa 2017 -B"]
[Site "Almansa ESP"]
[Date "2017.08.04"]
[Round "6.5"]
[White "Burgos Olmos, Mario"]
[Black "Moya Albaladejo, Jose Antonio"]
[Result "1-0"]
[WhiteElo "1860"]
[BlackElo "1925"]
[PlyCount "73"]
[EventDate "2017.08.01"]
[EventType "swiss"]
[EventRounds "9"]
[EventCountry "ESP"]
[SourceTitle "Ajedrez en Madrid"]
[Source "lmi"]
[SourceDate "2017.08.01"]
[SourceVersion "1"]
[SourceVersionDate "2017.08.11"]
[SourceQuality "1"]

1. Nf3 Nf6 2. g3 g6 3. Bg2 Bg7 4. O-O O-O 5. d3 d6 6. c4 e5 7. e4 Nbd7 8. Nc3
c6 9. Re1 a6 10. b3 b5 11. Bb2 Bb7 12. a3 Re8 13. b4 Qb6 14. Nd2 Bh6 15. Nb3
Rac8 16. Bc1 Bxc1 17. Rxc1 c5 18. cxb5 axb5 19. Na5 Ba8 20. Qe2 Rc7 21. Rc2
Rec8 22. Rec1 Nf8 23. Nd5 Nxd5 24. exd5 cxb4 25. axb4 Rxc2 26. Rxc2 Rxc2 27.
Qxc2 Qd4 28. Nc6 Qa1+ 29. Bf1 Qa4 30. Qc1 Nd7 31. Qg5 f6 32. Qg4 Nf8 33. Qc8
Qa2 34. Qd8 Bb7 35. Qxf6 Bxc6 36. dxc6 Qe6 37. Qd8 1-0

[Event "12. Torneo de Promoción Almansa 2017 -B"]
[Site "Almansa ESP"]
[Date "2017.08.04"]
[Round "6.6"]
[White "Pujante Martinez, Rafael"]
[Black "Sanchez Serrano, Emilio"]
[Result "0-1"]
[WhiteElo "1707"]
[BlackElo "1928"]
[PlyCount "64"]
[EventDate "2017.08.01"]
[EventType "swiss"]
[EventRounds "9"]
[EventCountry "ESP"]
[SourceTitle "Ajedrez en Madrid"]
[Source "lmi"]
[SourceDate "2017.08.01"]
[SourceVersion "1"]
[SourceVersionDate "2017.08.11"]
[SourceQuality "1"]

1. e4 e6 2. d3 d5 3. Nd2 Nc6 4. Ngf3 Nf6 5. g3 dxe4 6. dxe4 e5 7. Bg2 Bc5 8.
O-O O-O 9. c3 a5 10. Qe2 b6 11. a4 Ba6 12. c4 Qe7 13. Nb3 Qe6 14. Nxc5 Qxc4 15.
Qxc4 Bxc4 16. Re1 bxc5 17. Be3 Bd3 18. Bxc5 Rfb8 19. Ba3 Bc2 20. Rac1 Bxa4 21.
Rc4 Bb5 22. Rc5 Nd7 23. Rd5 Nf6 24. Rc5 Nd7 25. Rd5 Nb4 26. Bxb4 axb4 27. Rc1
f6 28. Rxc7 Ra1+ 29. Bf1 Rxf1+ 30. Kg2 Rb1 31. Rdxd7 Bf1+ 32. Kg1 Bh3+ 0-1

[Event "12. Torneo de Promoción Almansa 2017 -B"]
[Site "Almansa ESP"]
[Date "2017.08.04"]
[Round "6.10"]
[White "Rodriguez Bittar, Karim Javier"]
[Black "Jimenez Garcia, Juan"]
[Result "1-0"]
[WhiteElo "1948"]
[BlackElo "1557"]
[PlyCount "47"]
[EventDate "2017.08.01"]
[EventType "swiss"]
[EventRounds "9"]
[EventCountry "ESP"]
[SourceTitle "Ajedrez en Madrid"]
[Source "lmi"]
[SourceDate "2017.08.01"]
[SourceVersion "1"]
[SourceVersionDate "2017.08.11"]
[SourceQuality "1"]

1. e4 c6 2. c4 d5 3. cxd5 cxd5 4. exd5 Qxd5 5. Nc3 Qa5 6. Bc4 Nf6 7. Qb3 e6 8.
Nf3 Be7 9. O-O O-O 10. d4 Rd8 11. Bg5 Qc7 12. Nb5 Qb6 13. Bf4 Na6 14. a4 Nd5
15. a5 Qc6 16. Ne5 Qe8 17. Be3 Nxe3 18. fxe3 Bf6 19. Ng4 Bg5 20. Rf3 Qc6 21.
Ne5 Qe4 22. Nxf7 Bf6 23. Nxd8 Bxd8 24. Nd6 1-0

[Event "12. Torneo de Promoción Almansa 2017 -B"]
[Site "Almansa ESP"]
[Date "2017.08.04"]
[Round "6.11"]
[White "Clemente Castillo, Jose Alfons"]
[Black "Lagunas Gualda, Guillermo"]
[Result "0-1"]
[WhiteElo "1664"]
[BlackElo "1874"]
[PlyCount "50"]
[EventDate "2017.08.01"]
[EventType "swiss"]
[EventRounds "9"]
[EventCountry "ESP"]
[SourceTitle "Ajedrez en Madrid"]
[Source "lmi"]
[SourceDate "2017.08.01"]
[SourceVersion "1"]
[SourceVersionDate "2017.08.11"]
[SourceQuality "1"]

1. Nf3 Nf6 2. g3 g6 3. Bg2 Bg7 4. O-O O-O 5. c3 d6 6. d3 e5 7. e4 Nc6 8. Be3
Ng4 9. Bg5 f6 10. Bd2 f5 11. h3 Nf6 12. Ng5 h6 13. Qb3+ d5 14. Nf3 fxe4 15.
dxe4 Nxe4 16. Nh4 Kh7 17. Bxe4 dxe4 18. Qc2 Bxh3 19. Qxe4 Qf6 20. Ng2 Rad8 21.
f4 Bf5 22. fxe5 Bxe4 23. exf6 Rxf6 24. Rxf6 Bxf6 25. Kf2 Bxb1 0-1

[Event "12. Torneo de Promoción Almansa 2017 -B"]
[Site "Almansa ESP"]
[Date "2017.08.04"]
[Round "6.16"]
[White "Izquierdo Lavado, Mario"]
[Black "Monteblanco Pinero, Raul Santi"]
[Result "1/2-1/2"]
[WhiteElo "1711"]
[BlackElo "1435"]
[PlyCount "44"]
[EventDate "2017.08.01"]
[EventType "swiss"]
[EventRounds "9"]
[EventCountry "ESP"]
[SourceTitle "Ajedrez en Madrid"]
[Source "lmi"]
[SourceDate "2017.08.01"]
[SourceVersion "1"]
[SourceVersionDate "2017.08.11"]
[SourceQuality "1"]

1. e4 d6 2. d4 Nf6 3. Nc3 g6 4. f4 Bg7 5. Nf3 c5 6. d5 O-O 7. Bd3 e6 8. Bc4 Re8
9. O-O exd5 10. Bxd5 Nc6 11. Re1 Rb8 12. h3 Nxd5 13. Nxd5 f5 14. exf5 Bxf5 15.
Ne3 Be4 16. Ng5 Qf6 17. Nxe4 Rxe4 18. Qd5+ Qe6 19. Qxe6+ Rxe6 20. c3 d5 21. Bd2
d4 22. Nc2 Rbe8 1/2-1/2

[Event "12. Torneo de Promoción Almansa 2017 -B"]
[Site "Almansa ESP"]
[Date "2017.08.04"]
[Round "6.19"]
[White "Barroso Vilanova, Daniel"]
[Black "Lopez Milian, Andrea"]
[Result "0-1"]
[WhiteElo "1601"]
[BlackElo "1316"]
[PlyCount "38"]
[EventDate "2017.08.01"]
[EventType "swiss"]
[EventRounds "9"]
[EventCountry "ESP"]
[SourceTitle "Ajedrez en Madrid"]
[Source "lmi"]
[SourceDate "2017.08.01"]
[SourceVersion "1"]
[SourceVersionDate "2017.08.11"]
[SourceQuality "1"]

1. d4 d5 2. Nc3 Nf6 3. Bg5 e6 4. Qd2 h6 5. Bh4 c5 6. O-O-O Nc6 7. e3 c4 8. Nf3
Bb4 9. Bxf6 Qxf6 10. Qe1 a5 11. a3 Bxc3 12. Qxc3 b5 13. Qe1 Qg6 14. Nd2 b4 15.
Nb1 Bd7 16. e4 O-O 17. e5 Rfb8 18. c3 b3 19. f4 Qc2# 0-1

[Event "12. Torneo de Promoción Almansa 2017 -B"]
[Site "Almansa ESP"]
[Date "2017.08.04"]
[Round "7.1"]
[White "Jarque Megias, Juan Jose"]
[Black "Amoros Moran, Jose Joaquin"]
[Result "1/2-1/2"]
[WhiteElo "1937"]
[BlackElo "1900"]
[PlyCount "84"]
[EventDate "2017.08.01"]
[EventType "swiss"]
[EventRounds "9"]
[EventCountry "ESP"]
[SourceTitle "Ajedrez en Madrid"]
[Source "lmi"]
[SourceDate "2017.08.01"]
[SourceVersion "1"]
[SourceVersionDate "2017.08.11"]
[SourceQuality "1"]

1. e4 c5 2. Nf3 d6 3. d4 cxd4 4. Qxd4 Nc6 5. Bb5 Bd7 6. Bxc6 Bxc6 7. Nc3 Nf6 8.
Bg5 e6 9. O-O-O Be7 10. Rhe1 O-O 11. Kb1 Qc7 12. h3 Rfd8 13. Qe3 a6 14. g4 b5
15. a3 Qb7 16. Nd4 Rac8 17. f4 Ne8 18. Bxe7 Qxe7 19. f5 Bd7 20. Qf3 Rc5 21. Rf1
Rdc8 22. h4 a5 23. Nb3 R5c7 24. Nxa5 Qxh4 25. e5 Qe7 26. f6 Qf8 27. exd6 Rxc3
28. bxc3 Nxf6 29. Qb7 Rb8 30. Qc7 Rc8 31. Rxf6 Rxc7 32. dxc7 Qc8 33. Rf3 Qxc7
34. Nb3 Bc6 35. Rfd3 g6 36. Kb2 Bd5 37. Rd4 Kg7 38. Rb4 Bc4 39. Nd4 Qc5 40. Nb3
Qc7 41. Nd4 Qc5 42. Nb3 Qc7 1/2-1/2

[Event "12. Torneo de Promoción Almansa 2017 -B"]
[Site "Almansa ESP"]
[Date "2017.08.04"]
[Round "7.2"]
[White "Burgos Olmos, Mario"]
[Black "Hernandez Torralba, Sergio"]
[Result "1/2-1/2"]
[WhiteElo "1860"]
[BlackElo "1870"]
[PlyCount "53"]
[EventDate "2017.08.01"]
[EventType "swiss"]
[EventRounds "9"]
[EventCountry "ESP"]
[SourceTitle "Ajedrez en Madrid"]
[Source "lmi"]
[SourceDate "2017.08.01"]
[SourceVersion "1"]
[SourceVersionDate "2017.08.11"]
[SourceQuality "1"]

1. Nf3 g6 2. g3 Bg7 3. Bg2 Nf6 4. O-O O-O 5. d3 c5 6. c4 d6 7. Nc3 Nc6 8. a3
Bg4 9. h3 Bxf3 10. Bxf3 Rb8 11. Rb1 Qd7 12. Bg2 e6 13. b4 cxb4 14. axb4 d5 15.
b5 Ne7 16. c5 d4 17. Ne4 Nxe4 18. Bxe4 Nd5 19. Bxd5 Qxd5 20. Ba3 Rfc8 21. Qa4
Bf8 22. Rfc1 Bxc5 23. Bxc5 Rxc5 24. Qxa7 Rbc8 25. Rxc5 Rxc5 26. Qa4 Kg7 27. h4
1/2-1/2

[Event "12. Torneo de Promoción Almansa 2017 -B"]
[Site "Almansa ESP"]
[Date "2017.08.04"]
[Round "7.3"]
[White "Molla Gil, Pablo"]
[Black "Castillo Garcia, Adrian"]
[Result "0-1"]
[WhiteElo "1882"]
[BlackElo "1967"]
[PlyCount "144"]
[EventDate "2017.08.01"]
[EventType "swiss"]
[EventRounds "9"]
[EventCountry "ESP"]
[SourceTitle "Ajedrez en Madrid"]
[Source "lmi"]
[SourceDate "2017.08.01"]
[SourceVersion "1"]
[SourceVersionDate "2017.08.11"]
[SourceQuality "1"]

1. Nf3 Nf6 2. d4 g6 3. c4 Bg7 4. Nc3 O-O 5. e4 d6 6. Be2 e5 7. dxe5 dxe5 8.
Qxd8 Rxd8 9. Nxe5 Nxe4 10. Nxe4 Bxe5 11. O-O Bf5 12. Ng3 Be6 13. Be3 f5 14. Bg5
Re8 15. Bd3 Nc6 16. a3 Na5 17. Rab1 Bxc4 18. Rfd1 Bxd3 19. Rxd3 Bd6 20. Bf6 Re6
21. Bc3 Nc6 22. Kf1 Rae8 23. Re1 Rxe1+ 24. Bxe1 Ne5 25. Rb3 b6 26. Ne2 Nc6 27.
Rc3 Ne5 28. h3 Kf7 29. Nd4 c5 30. Nc2 f4 31. Bd2 g5 32. g3 Ng6 33. b4 Re4 34.
f3 Re6 35. bxc5 Bxc5 36. gxf4 gxf4 37. Nb4 Kf6 38. Rc4 Kf5 39. Nc2 Rd6 40. Ke2
a5 41. Bc1 Rd5 42. a4 Kg5 43. h4+ Kxh4 44. Bxf4 Nxf4+ 45. Rxf4+ Kg5 46. Rg4+
Kf6 47. Rf4+ Ke6 48. Rh4 h5 49. f4 Be7 50. f5+ Kxf5 51. Ne3+ Ke6 52. Nxd5 Bxh4
53. Nxb6 Bd8 54. Nc4 Kd5 55. Kd3 h4 56. Ne3+ Kc5 57. Kc3 h3 58. Ng4 Bc7 59. Nf2
h2 60. Nh1 Bd8 61. Nf2 Bh4 62. Nh1 Be1+ 63. Kb3 Kd4 64. Kc2 Kc4 65. Kd1 Bh4 66.
Ke2 Kb3 67. Kf3 Kxa4 68. Kg2 Kb3 69. Kxh2 a4 70. Kh3 Be1 71. Kg2 a3 72. Kf1 Bh4
0-1

[Event "12. Torneo de Promoción Almansa 2017 -B"]
[Site "Almansa ESP"]
[Date "2017.08.04"]
[Round "7.4"]
[White "Medina Cordero, Angel"]
[Black "Perez Garcia, Jose Miguel"]
[Result "0-1"]
[WhiteElo "1788"]
[BlackElo "1956"]
[PlyCount "66"]
[EventDate "2017.08.01"]
[EventType "swiss"]
[EventRounds "9"]
[EventCountry "ESP"]
[SourceTitle "Ajedrez en Madrid"]
[Source "lmi"]
[SourceDate "2017.08.01"]
[SourceVersion "1"]
[SourceVersionDate "2017.08.11"]
[SourceQuality "1"]

1. e4 c5 2. Ne2 d6 3. c3 Nf6 4. d3 Nc6 5. g3 e5 6. Bg2 d5 7. exd5 Nxd5 8. O-O
Be7 9. Na3 Nb6 10. Nc2 Bf5 11. Be4 Bh3 12. Re1 Qd7 13. a4 f5 14. Bh1 O-O-O 15.
a5 Nc4 16. a6 Qxd3 17. axb7+ Kxb7 18. Qxd3 Rxd3 19. Nf4 exf4 20. Rxe7+ Kb6 21.
Bxc6 Rd1+ 22. Ne1 Kxc6 23. f3 Nd2 24. c4 Nxc4 25. Kf2 Ne3 26. gxf4 Nd5 27.
Rexa7 Re8 28. Nc2 Rf1+ 29. Kg3 Re6 30. Be3 Rg6+ 31. Kxh3 Rxf3+ 32. Kh4 Rg4+ 33.
Kh5 Rh3# 0-1